00000000cam 2200000zi 4500
0019.956119
003CaOODSP
00520251208150921
006m     o  d f      
007cr |n|||||||||
008251008e202511  nscb    ob   f000 0 fre d
020 |a9780660792590
040 |aCaOODSP|bfre|erda|cCaOODSP
043 |an-cn-ns
0861 |aFs70-6/2025-055F-PDF
24500|aExamen et mise à jour de l’état des connaissances et des priorité en matière de conservation pour le site d’intérêt (SI) des îles de la côte Est.
24637|aSite d’intérêt des îles de la côte Est
264 1|aDartmouth (Nouvelle-Écosse) : |bSecrétariat canadien de consultation scientifique, |cnovembre 2025.
264 4|c©2025
300 |a1 ressource en ligne (27 pages) : |bcarte.
336 |atexte|btxt|2rdacontent/fre
337 |ainformatique|bc|2rdamedia/fre
338 |aressource en ligne|bcr|2rdacarrier/fre
4901 |aAvis scientifique, |x1919-5117 ; |v2025/055
500 |aPublié aussi en anglais sous le titre : Review and update of the state of knowledge and conservation priorities for the Eastern Shore Islands area of interest (AOI).
500 |aTitre de départ.
504 |aComprend des références bibliographiques.
650 6|aConservation des ressources marines|zNouvelle-Écosse|zAtlantique, Côte de l'.
650 6|aÉcologie marine|zNouvelle-Écosse|zAtlantique, Côte de l'.
650 6|aBiodiversité marine|xConservation|zNouvelle-Écosse|zAtlantique, Côte de l'.
7102 |aSecrétariat canadien de consultation scientifique, |eorganisme de publication.
7101 |aCanada. |bMinistère des pêches et des océans. |bRégion des Maritimes, |eorganisme de publication.
77508|tReview and update of the state of knowledge and conservation priorities for the Eastern Shore Islands area of interest (AOI).|w(CaOODSP)9.956118
830#0|aAvis scientifique (Secrétariat canadien de consultation scientifique)|v2025/055.|w(CaOODSP)9.502624
85640|qPDF|s910 Ko|uhttps://publications.gc.ca/collections/collection_2025/mpo-dfo/fs70-6/Fs70-6-2025-055-fra.pdf